Datum a čas kvízu
29.5
Celkem bodů
Celkový počet nahraných bodů na tomto kvízu bez doplňovacích otázek.
8.
Pořadí na kvízu
Konečné umístění týmu na tomto kvízu.
Zaznamenané odpovědi
| # | Otázka | Odpověď | Body | Výsledky |
|---|---|---|---|---|
| 1. | Ve středu do toho „praštil“ da... | Lucie Šafářová, Tomáš Plekanec | 1 | |
| 2. | V neděli se konaly volby do ně... | Armin Laschet | 0 | |
| 3. | Herec Daniel Craig získal v br... | fregatní kapitán | 0 | |
| 4. | Americký řetězec Costco zavedl... | toaletního papíru | 1 | |
| 5. | V sobotu se na fotbalovém stad... | Oleksandr Usyk, Anthony Joshua | 0 | |
| 6. | V pátém díle našeho cestovatel... | Brdská vrchovina (Brdy) | 1 | |
| 7. | Jedním z nejnavštěvovanějších... | V gotickém slohu. | 1 | |
| 8. | V tomto kraji najdeme i výběh... | V Berouně. | 1 | |
| 9. | Ze Středočeského kraje pochází... | D | 1 | |
| 10. | V tomto kraji najdeme také spo... | V Mnichově Hradišti. | 0 |